000
00298nam a22001217a 4500
008
150416b xxu||||| |||| 00| 0 eng d
020
_a
9780071498487
020
_a
0071498486
041
0
_a
eng
080
_a
61
245
1
0
_a
Medical charting demystified /
_c
Joan Richards, Jim Keogh.
942
_2
udc
_c
BK
999
_c
704
_d
704